000 00508nam a2200181Ia 4500
001 9065
005 20260306160656.0
008 260306t2015||||xx |||||||||||||| ||spa||
041 _aESP
082 _a372.5
_bE41
100 _aElichiry, Nora Emilce
_eAUT
245 0 _aComunidades de aprendizajes y artes:
_bprácticas educativas y construcción de significados en la vida cotidiana
260 _c2015
300 _a188 páginas :
_c23 cm.
650 _aGEN
654 _aCED
942 _cLIB
_dJUS
_fJUS
_2ddc
_n
999 _c9065
_d9065